Klinická farmakologie a farmacie
| Previous Title: | Zpravodaj klinické farmakologie a farmacie |
|---|---|
| Other Authors: | |
| Format: | Journal |
| Language: | Czech Slovak |
| PhysicalDescription: | 17 zv. ilustr., tab., grafy 30 cm Online vydanie: Klinická farmakologie a farmacie (On-line) ISSN 1803-5353 |
| Published: |
Konice
Solen
1999-2015
Olomouc |
| ISSN: | 1212-7973 1211-166X |
| Subjects: | |
| Online Access: | www.klinickafarmakologie.cz |
MARC
| LEADER | 00000cas a2200000 a 4500 | ||
|---|---|---|---|
| 001 | vtls008632597 | ||
| 003 | SK-MaSNL | ||
| 005 | 20260228164115.0 | ||
| 008 | 060320d19992015xr qr|p 0 b0cze | ||
| 022 | |a 1212-7973 | ||
| 035 | |a (SVKBB03)vtls000208953 | ||
| 040 | |a SVKPO |b slo |c SVKPO |d SVKBB |d SAVUK |d SNK |e AACR2 | ||
| 041 | 0 | |a cze |a slo |b eng |b cze |b slo | |
| 044 | |a xr |c CZ | ||
| 072 | 7 | |a 615 |x Farmácia. Farmakológia |2 konspekt | |
| 080 | |a 615.01 |2 2011 | ||
| 080 | |a 615.03 |2 2011 | ||
| 080 | |a 050 |2 2011 | ||
| 210 | 0 | |a Klin. farmakol. farm. |b (Print) | |
| 222 | 0 | |a Klinická farmakologie a farmacie |b (Print) | |
| 245 | 0 | 0 | |a Klinická farmakologie a farmacie |
| 260 | |a Konice |b Solen |c 1999-2015 | ||
| 260 | 3 | |3 4/2005-2015 |a Olomouc |b Solen | |
| 300 | |a 17 zv. |b ilustr., tab., grafy |c 30 cm | ||
| 310 | |a 4x ročne | ||
| 362 | 0 | |a Roč. 13, č. 1 (1999) - roč. 29, č. 3 (2015) |z SK ČR/2017 | |
| 500 | |a Časopis je vydávaný s podporou Slovenskej spoločnosti klinickej farmakológie a Sekce klinické farmakologie ČSEKFT ČLS JEP | ||
| 500 | |a Odborný redaktor: ?-2009, Karel Urbánek | ||
| 500 | |a Šéfredaktor: 2010-2015, Karel Urbánek | ||
| 500 | |a Časopis je indexovaný v : Embase, Scopus, Bibliographia Medica Čechoslovaca a v Seznamu recenzovaných neimpaktovaných periodik vydávaných v ČR | ||
| 500 | |a Od č. 4/2015 vychádza len On-line | ||
| 504 | |a Bibliogr. | ||
| 530 | |a Online vydanie: Klinická farmakologie a farmacie (On-line) ISSN 1803-5353 | ||
| 546 | |a Články v češ., slov. ; res. angl., češ., slov. | ||
| 550 | |a Vydáva Farmakologický ústav Lékařské fakulty Univerzity Palackého, Olomouc | ||
| 650 | 0 | 7 | |a farmakológia |2 SNKPH |9 2468 |
| 650 | 0 | 7 | |a farmácia |2 SNKPH |9 2467 |
| 650 | 0 | 7 | |a Pharmacy |2 SNKPHeng |9 265418 |
| 650 | 0 | 7 | |a Pharmacology |2 SNKPHeng |9 267834 |
| 655 | 7 | |a odborné časopisy |2 SNKPH |9 70505 | |
| 655 | 7 | |a Professional journals |2 SNKPHeng |9 265007 | |
| 700 | 1 | |a Urbánek, Karel, |d 1937- |4 pbd |4 red |9 91024 | |
| 780 | 0 | 0 | |t Zpravodaj klinické farmakologie a farmacie |x 1211-166X |
| 852 | |a Štátna vedecká knižnica v Banskej Bystrici | ||
| 856 | 4 | 1 | |u www.klinickafarmakologie.cz |
| 910 | |a svkpo | ||
| 910 | |a savuk | ||
| 910 | |a snk | ||
| 916 | |a 2003-2013, 2014-2015 | ||
| 999 | |c 12296 |d 14226 | ||
| 952 | |0 0 |1 0 |4 0 |7 0 |8 1 |a SNK |b SNK |d 2014-10-15 |f 1 |i snk2014/21940 |l 0 |o snkČSB 5919/26/2012 |p 17A0870307 |r 2026-02-21 19:34:15 |t č. 1-4 |w 2026-02-21 |y PREZ | ||
| 952 | |0 0 |1 0 |4 0 |7 0 |8 1 |a SNK |b SNK |d 2014-10-15 |i snk2014/21941 |l 0 |o snkČSB 5919/26/2012 D1 |p 17A0870308 |r 2026-02-21 19:34:15 |t č. 1-4 |w 2026-02-21 |y PREZ | ||
| 952 | |0 0 |1 0 |4 0 |7 0 |8 1 |a SNK |b SNK |d 2014-10-15 |f 1 |i snk2014/21962 |l 0 |o snkČSB 5919/27/2013 |p 17A0870309 |r 2026-02-21 19:34:15 |t č. 1-4, neúplný |w 2026-02-21 |y PREZ |z chýba č. 2 | ||
| 952 | |0 0 |1 0 |4 0 |7 0 |8 1 |a SNK |b SNK |d 2014-10-15 |i snk2014/21966 |l 0 |o snkČSB 5919/27/2013 D1 |p 17A0870310 |r 2026-02-21 19:34:15 |t č. 1-4, neúplné |w 2026-02-21 |y PREZ |z chýba č. 2 | ||
| 952 | |0 0 |1 0 |4 0 |7 0 |8 1 |a SNK |b SNK |d 2014-10-15 |f 1 |i snk2014/21837 |l 0 |o snkČSB 5919/17/2003 |p 17A0870290 |r 2026-02-21 19:34:19 |t č. 1-4, neúplné |w 2026-02-21 |y PREZ |z chýba č. 1-2 | ||
| 952 | |0 0 |1 0 |4 0 |7 0 |8 1 |a SNK |b SNK |d 2014-10-15 |f 1 |i snk2014/21838 |l 0 |o snkČSB 5919/18/2004 |p 17A0870291 |r 2026-02-21 19:34:19 |t č. 1-4 |w 2026-02-21 |y PREZ | ||
| 952 | |0 0 |1 0 |4 0 |7 0 |8 1 |a SNK |b SNK |d 2014-10-15 |i snk2014/21839 |l 0 |o snkČSB 5919/18/2004 D1 |p 17A0870292 |r 2026-02-21 19:44:33 |t č. 1-4, neúplné |w 2026-02-21 |y PREZ |z chýba č. 1, 2, 4 | ||
| 952 | |0 0 |1 0 |4 0 |7 0 |8 1 |a SNK |b SNK |d 2014-10-15 |f 1 |i snk2014/21844 |l 0 |o snkČSB 5919/19/2005 |p 17A0870293 |r 2026-02-21 19:44:34 |t č. 1-4 |w 2026-02-21 |y PREZ | ||
| 952 | |0 0 |1 0 |4 0 |7 0 |8 1 |a SNK |b SNK |d 2014-10-15 |i snk2014/21852 |l 0 |o snkČSB 5919/19/2005 D1 |p 17A0870294 |r 2026-02-21 19:44:34 |t č. 1-4 |w 2026-02-21 |y PREZ | ||
| 952 | |0 0 |1 0 |4 0 |7 0 |8 1 |a SNK |b SNK |d 2014-10-15 |f 1 |i snk2014/21855 |l 0 |o snkČSB 5919/20/2006 |p 17A0870295 |r 2026-02-21 19:44:34 |t č. 1-4, neúplné |w 2026-02-21 |y PREZ |z chýba č. 4 | ||
| 952 | |0 0 |1 0 |4 0 |7 0 |8 1 |a SNK |b SNK |d 2014-10-15 |i snk2014/21856 |l 0 |o snkČSB 5919/20/2006 D1 |p 17A0870296 |r 2026-02-21 19:44:34 |t č. 1-4, neúplné |w 2026-02-21 |y PREZ |z chýba č. 4 | ||
| 952 | |0 0 |1 0 |4 0 |7 0 |8 1 |a SNK |b SNK |d 2014-10-15 |f 1 |i snk2014/21857 |l 0 |o snkČSB 5919/21/2007 |p 17A0870297 |r 2026-02-21 19:44:34 |t č. 1-4 |w 2026-02-21 |y PREZ | ||
| 952 | |0 0 |1 0 |4 0 |7 0 |8 1 |a SNK |b SNK |d 2014-10-15 |i snk2014/21860 |l 0 |o snkČSB 5919/21/2007 D1 |p 17A0870298 |r 2026-02-21 19:44:34 |t č. 1-4 |w 2026-02-21 |y PREZ | ||
| 952 | |0 0 |1 0 |4 0 |7 0 |8 1 |a SNK |b SNK |d 2014-10-15 |f 1 |i snk2014/21868 |l 0 |o snkČSB 5919/22/2008 |p 17A0870299 |r 2026-02-21 19:44:34 |t č. 1-4 |w 2026-02-21 |y PREZ | ||
| 952 | |0 0 |1 0 |4 0 |7 0 |8 1 |a SNK |b SNK |d 2014-10-15 |i snk2014/21872 |l 0 |o snkČSB 5919/22/2008 D1 |p 17A0870300 |r 2026-02-21 19:44:34 |t č. 1-4 |w 2026-02-21 |y PREZ | ||
| 952 | |0 0 |1 0 |4 0 |7 0 |8 1 |a SNK |b SNK |d 2014-10-15 |i snk2014/21886 |l 0 |o snkČSB 5919/24/2010 D1 |p 17A0870304 |r 2026-02-21 19:44:34 |t č. 1-4 |w 2026-02-21 |y PREZ | ||
| 952 | |0 0 |1 0 |4 0 |7 0 |8 1 |a SNK |b SNK |d 2014-10-15 |f 1 |i snk2014/21899 |l 0 |o snkČSB 5919/25/2011 |p 17A0870305 |r 2026-02-21 19:44:34 |t č. 1-4 |w 2026-02-21 |y PREZ | ||
| 952 | |0 0 |1 0 |4 0 |7 0 |8 1 |a SNK |b SNK |d 2014-10-15 |i snk2014/21901 |l 0 |o snkČSB 5919/25/2011 D1 |p 17A0870306 |r 2026-02-21 19:44:34 |t č. 1-4 |w 2026-02-21 |y PREZ | ||
| 952 | |0 0 |1 0 |4 0 |7 0 |8 1 |a SNK |b SNK |d 2014-10-15 |i snk2014/21876 |l 0 |o snkČSB 5919/23/2009 D1 |p 17A0870302 |r 2026-02-21 20:18:45 |t č. 1-4, neúplné |w 2026-02-21 |y PREZ |z chýba č. 2, 3 | ||
| 952 | |0 0 |1 0 |4 0 |7 0 |8 1 |a SNK |b SNK |d 2014-10-15 |f 1 |i snk2014/21879 |l 0 |o snkČSB 5919/24/2010 |p 17A0870303 |r 2026-02-21 20:18:45 |t č. 1-4 |w 2026-02-21 |y PREZ | ||
| 952 | |0 0 |1 0 |4 0 |7 0 |8 1 |a SNK |b SNK |d 2014-10-15 |f 1 |i snk2014/21874 |l 0 |o snkČSB 5919/23/2009 |p 17A0870301 |r 2026-02-21 20:18:53 |t č. 1-4, neúplné |w 2026-02-21 |y PREZ |z chýba č. 2, 3 | ||
| 952 | |0 0 |1 0 |4 0 |7 0 |8 0 |a SNK |b SNK |d 2019-10-09 |f 1 |i snk2019/25465 |l 0 |o snkČSB 5919/28/2014 |p 17A1383683 |r 2026-02-21 22:00:03 |t č. 1-4 |w 2026-02-21 |y PREZ | ||
| 952 | |0 0 |1 0 |4 0 |7 0 |8 0 |a SNK |b SNK |d 2019-10-09 |i snk2019/25474 |l 0 |o snkČSB 5919/28/2014 D1 |p 17A1383684 |r 2026-02-21 22:00:03 |t č. 1-4 |w 2026-02-21 |y PREZ | ||
| 952 | |0 0 |1 0 |4 0 |7 0 |8 0 |a SNK |b SNK |d 2019-10-09 |f 1 |i snk2019/25481 |l 0 |o snkČSB 5919/29/2015 |p 17A1383685 |r 2026-02-21 22:00:03 |t č. 1-3 |w 2026-02-21 |y PREZ | ||
| 952 | |0 0 |1 0 |4 0 |7 0 |8 0 |a SNK |b SNK |d 2019-10-09 |i snk2019/25486 |l 0 |o snkČSB 5919/29/2015 D1 |p 17A1383686 |r 2026-02-21 22:00:03 |t č. 1-3 |w 2026-02-21 |y PREZ | ||


